000
00253nam a22001097a 4500
082
_a
SHA
100
_a
Shaikh, Muhammad Uris
245
_a
Linear Algebra and Numerical Methods
260
_a
Hyderabad:
_b
Jahangir Books,
300
_a
187p. ;
942
_c
BK
999
_c
57354
_d
57351